Advanced management accounting (Record no. 83713)
[ view plain ]
| 000 -LEADER | |
|---|---|
| fixed length control field | 01087nam a2200205 a 4500 |
| 008 - FIXED-LENGTH DATA ELEMENTS--GENERAL INFORMATION | |
| fixed length control field | 120416s1982 ||||||||||||||||| || u |
| 020 ## - INTERNATIONAL STANDARD BOOK NUMBER | |
| International Standard Book Number | 0130113956 |
| 050 ## - LIBRARY OF CONGRESS CALL NUMBER | |
| Classification number | HF 5635 Kap |
| 100 ## - MAIN ENTRY--PERSONAL NAME | |
| Personal name | Kaplan, Robert S |
| 245 10 - TITLE STATEMENT | |
| Title | Advanced management accounting |
| 260 ## - PUBLICATION, DISTRIBUTION, ETC. | |
| Place of publication, distribution, etc. | Englewood Cliffs, [N.J.]: |
| Name of publisher, distributor, etc. | FT Prentice-Hall |
| Date of publication, distribution, etc. | 1982 |
| 300 ## - PHYSICAL DESCRIPTION | |
| Extent | xvi, 655p. : ill. |
| 350 ## - | |
| -- | 0.00 |
| 650 #0 - SUBJECT ADDED ENTRY--TOPICAL TERM | |
| Topical term or geographic name entry element | MANAGERIAL ACCOUNTING |
| 650 #0 - SUBJECT ADDED ENTRY--TOPICAL TERM | |
| Topical term or geographic name entry element | ACCOUNTING--HANDBOOKS, MANUALS, ETC |
| 995 ## - | |
| -- | MAIN LIBRARY OPEN ACCESS |
| -- | 0.00 |
| -- | 709459 |
| -- | CBU-MAIN LIBRARY (Kitwe) |
| -- | 2 |
| -- | 32.95 |
| -- | HF 5635 Kap |
| -- | 1 |
| -- | AVAILABLE |
| -- | 006418 |
| -- | Main Library Open Access Collection |
| 995 ## - | |
| -- | TEXTBOOKS (SB) |
| -- | 0.00 |
| -- | 01418 |
| -- | CBU-SCHOOL TEXTBOOK COLLECTIONS |
| -- | 1 |
| -- | 0.00 |
| -- | SCHOOL TEXTBOOK |
| -- | 4 |
| -- | AVAILABLE |
| -- | Sep 23, 2009 |
| -- | 01418 |
| -- | School Collections |
| 995 ## - | |
| -- | BINDERY (DAMAGED) |
| -- | 0.00 |
| -- | 709310 |
| -- | CBU-MAIN LIBRARY (Kitwe) |
| -- | 1 |
| -- | 32.95 |
| -- | HF 5635 Kap |
| -- | 1 |
| -- | DAMAGED |
| -- | 006417 |
| -- | Main Library Open Access Collection |
| 995 ## - | |
| -- | TEXTBOOKS (SB) |
| -- | 0.00 |
| -- | 01417 |
| -- | CBU-SCHOOL TEXTBOOK COLLECTIONS |
| -- | 1 |
| -- | 0.00 |
| -- | SCHOOL TEXTBOOK |
| -- | 3 |
| -- | AVAILABLE |
| -- | Sep 23, 2009 |
| -- | 01417 |
| -- | School Collections |
| 999 ## - | |
| -- | 83713 |
| -- | 83713 |
| Withdrawn status | Lost status | Source of classification or shelving scheme | Damaged status | Not for loan | Permanent Location | Current Location | Shelving location | Date acquired | Total Checkouts | Full call number | Barcode | Date last seen | Copy number | Price effective from | Koha item type | Collection code |
|---|---|---|---|---|---|---|---|---|---|---|---|---|---|---|---|---|
| CBU-MAIN LIBRARY, KITWE. | CBU-MAIN LIBRARY, KITWE. | 01/08/2024 | HF 5635 Kap | 006418 | 01/08/2024 | 1 | 01/08/2024 | MONOGRAPH | ||||||||
| Damaged | CBU-MAIN LIBRARY, KITWE. | CBU-MAIN LIBRARY, KITWE. | 01/08/2024 | HF 5635 Kap | 006417 | 01/08/2024 | 3 | 01/08/2024 | MONOGRAPH | BINDERY (DAMAGED) | ||||||
| CBU-SCHOOL TEXT BOOK COLLECTION | CBU-SCHOOL TEXT BOOK COLLECTION | 01/08/2024 | SCHOOL TEXTBOOK | 01418 | 01/08/2024 | 2 | 01/08/2024 | MONOGRAPH | ||||||||
| CBU-SCHOOL TEXT BOOK COLLECTION | CBU-SCHOOL TEXT BOOK COLLECTION | 01/08/2024 | SCHOOL TEXTBOOK | 01417 | 01/08/2024 | 4 | 01/08/2024 | MONOGRAPH |